ბათუმის შოთა რუსთაველის სახელმწიფო უნივერსიტეტის ბიბლიოთეკა

კანონთან კონფლიქტში მყოფ ბავშვებთან პედაგოგიური საქმიანობის ასპექტები : დისერტაცია / (ბიბ.ჩანაწერი № 51641)

000 -ლიდერი
ფიქსირებული სიგრძის საკონტროლო ველი 01723nam a2200253Ia 4500
001 - საკონტროლო ნომერი
საკონტროლო ველი 18632
003 - საკონტროლო ნომრის იდენტიფიკატორი
საკონტროლო ველი GE_BSU
005 - ბოლო ოპერაციის თარიღი და დრო
საკონტროლო ველი 20220920112909.0
008 - ფიქსირებული სიგრძის მონაცემთა ელემენტები - ზოგადი ინფორმაცია
ფიქსირებული სიგრძის საკონტროლო ველი 181216s2012||||ge |||||||||||||| ||geo||
040 ## - კატალოგიზაციის წყარო
Transcribing agency GE_BSU
041 ## - ენის კოდი
Language code of text/sound track or separate title geo
080 ## - უნივერსალური ათობითი კლასიფიკაციის ინდექსი
Universal Decimal Classification number 37 გ-30
100 ## - მთავარი ჩანაწერი - პიროვნების სახელი
Personal name გელაძე, გენადი
9 (RLIN) 1083
245 ## - ცნობა სათაურის შესახებ
Title კანონთან კონფლიქტში მყოფ ბავშვებთან პედაგოგიური საქმიანობის ასპექტები : დისერტაცია /
Statement of responsibility, etc გენადი გელაძე; სამეცნიერო ხელმძღვანელი ციალა მეგრელაძე, ადამ მახარაძე; ბათუმის შოთა რუსთაველის სახელმწიფო უნივერსიტეტი.
264 ## - წარმოების, გამოცემის, დისტრიბუციის და სხვა ცნობები
გამოცემის, წარმოების, დისტრიბუციის... ადგილი ბათუმი,
გამოცემის, წარმოების, დისტრიბუციის... თარიღი 2012.
300 ## - ფიზიკური აღწერა
Extent 188 გვ.;
Other physical details 30 სმ.
653 ## - INDEX TERM--UNCONTROLLED
Uncontrolled term დისერტაცია
653 ## - INDEX TERM--UNCONTROLLED
Uncontrolled term კანონთან კონფლიქტში მყოფ ბავშვებთან პედაგოგიური საქმიანობის ასპექტები
653 ## - INDEX TERM--UNCONTROLLED
Uncontrolled term პედაგოგიკა
700 ## - ADDED ENTRY--PERSONAL NAME
Personal name მეგრელაძე, ციალა
Relator term სამეცნიერო ხელმძღვანელი
9 (RLIN) 1081
700 ## - ADDED ENTRY--PERSONAL NAME
Personal name მახარაძე, ადამ
Relator term სამეცნიერო ხელმძღვანელი
9 (RLIN) 5625
710 ## - ADDED ENTRY--CORPORATE NAME
Corporate name or jurisdiction name as entry element ბათუმის შოთა რუსთაველის სახელმწიფო უნივერსიტეტი.
9 (RLIN) 11733
942 ## - ADDED ENTRY ELEMENTS (KOHA)
Koha item type წიგნი
Source of classification or shelving scheme
ეგზემპლარები
ჩამოწერის სტატუსი დაკარგული ეგზემპლარის სტატუსი კლასიფიკაციის წყარო ან თაროზე გაწყობის სქემა დაზიანების სტატუსი არ გაიცემა მუდმივი მდებარეობა (დაცვის ადგილი) ამჟამინდელი ადგილსამყოფელი შეძენის თარიღი სრული შენახვის შიფრი შტრიხკოდი ბოლო ოპერაციის თარიღი ეგზემპლარის მიმდევრობითი ნომერი (კეტერი?) ფასის ძალაში შესვლის თარიღი ეგზემპლარის სახეობა
        შიდა ფონდი ბათუმის შოთა რუსთაველის სახელმწიფო უნივერსიტეტის მთავარი ბიბლიოთეკა ბათუმის შოთა რუსთაველის სახელმწიფო უნივერსიტეტის მთავარი ბიბლიოთეკა 2018-12-17 37 გ-30 88 დისერტ. 2018-12-17 88 2018-12-17 დისერტაცია